| 000 | 00529nam a22001817a 4500 | ||
|---|---|---|---|
| 999 |
_c174347 _d174347 |
||
| 005 | 20200610114828.0 | ||
| 010 | _aENG-128178 | ||
| 020 |
_c950.00 _a9788189412890 |
||
| 035 | _aEN-111710 | ||
| 037 | _bDBAD/PUB | ||
| 082 | _a338.4791 | ||
| 100 | _aMathur,Akhil | ||
| 245 |
_aNature Tourism/ _cby Akhil Mathur |
||
| 260 |
_aDelhi _bAvishkar Prakashan _c2018 |
||
| 270 |
_aL-20/13, Street No.5 Shivaji Marg, Kartar Nagar _bDelhi _e110053 |
||
| 300 |
_avii;320p. _c23cm(hb) |
||
| 942 |
_2ddc _cEN _h338.4791 _mMAT |
||